Impact of Self Concept on Personality and Adjustment of Students of Secondary School/ (Record no. 38484)

MARC details
000 -LEADER
fixed length control field 00752nam a2200169 4500
041 ## - LANGUAGE CODE
Language code of text/sound track or separate title English
082 ## - DEWEY DECIMAL CLASSIFICATION NUMBER
Classification number RP.0375
100 ## - MAIN ENTRY--AUTHOR NAME
Personal name Parmar, Suresh R.
Affiliation Swami Vivekananda Sarvodaya Education College
Place Mehsana, Gujarat
245 ## - TITLE STATEMENT
Title Impact of Self Concept on Personality and Adjustment of Students of Secondary School/
Statement of responsibility, etc Suresh R. Parmar
260 ## - PUBLICATION, DISTRIBUTION, ETC. (IMPRINT)
Place of publication Mehsana, Gujarat:
Name of publisher/Sponsor Indian Council of Social Science Research,
Year of publication 2016
300 ## - PHYSICAL DESCRIPTION
Number of Pages xviii, 440p.
500 ## - GENERAL NOTE
General note Induced Bibliographical References and Appendices
536 ## - FUNDING INFORMATION NOTE
Funding Agency Indian Council of Social Science Research
650 ## - SUBJECT ADDED ENTRY--TOPICAL TERM
Topical Term Self-concept in adolescence
Form subdivision Personality development
General subdivision Adjustment
650 ## - SUBJECT ADDED ENTRY--TOPICAL TERM
Topical Term Twelfth grade (Education)
-- Students
Form subdivision Secondary Education
General subdivision Education
942 ## - ADDED ENTRY ELEMENTS (KOHA)
Source of classification or shelving scheme Dewey Decimal Classification
Koha item type Research Reports
Holdings
Withdrawn status Lost status Damaged status Not for loan Collection code Home library Current library Date acquired Source of acquisition Full call number Accession Number Price effective from Koha item type
      Not For Loan Major Research Project Reports NASSDOC Library NASSDOC Library 19/06/2023 Research Report Division RP.0375 53744 19/06/2023 Research Reports